Tilastot visalle Moldova-visa

Klikkaa tästä pelataksesi tätä visaa!

Yleistilastot

  • Tätä visaa on pelattu 193 kertaa
  • Keskiarvotulos 8 / 16

Vastaustilastot

VihjeVastaus% Oikein
NaapurimaatRomania
98%
NaapurimaatUkraina
97%
PääkaupunkiChișinău
94%
Valtio, josta Moldova itsenäistyi 1991Neuvostoliitto
91%
93 % asukkaista kuuluu tähän kirkkoonOrtodoksinen kirkko
83%
Yksipuolisesti Moldovasta itsenäistynyt valtio, joka sijaitsee lähinnä yllä olevan itäpuolellaTransnistria
53%
Tuon "valtion" pääkaupunki ja yksi Moldovan kolmesta suurimmista kaupungeistaTiraspol
39%
Moldova on tuottanut ____ tuhansien vuosien ajan. Nykyään se on sen kahdeksanneksi suurin tuottajamaa asukasta kohdenViiniä
37%
ValuuttaLeu
36%
Moldovan läpi kulkeva joki, joka muodostaa osan itärajastaDnestr
28%
Yksi Moldovan kolmesta suurimmasta kaupungista pääkaupungin ja yllä olevan ohellaBălți
26%
Historiallinen alue, joka käsitti nykyisen Moldovan alueenBessarabia
25%
Suuren osan maan länsirajasta muodostava jokiPrut
23%
Valtio, jonka kanssa Moldovan eteläosat yhdistyivät 1850-luvun lopulla muodostaen naapurimaan 1Valakia
23%
Itsehallinnollinen alue, jossa puhutaan myös samannimistä kieltäGagauzia
20%
Pyhäksi julistettu Moldovan ruhtinaskuntaa 1457–1504 hallinnut henkilöTapani III Suuri
20%

Tulosjakauma

Persentiili vastausten määrän mukaan

Jokaisen tuloksen saaneiden osuus

Tuloshistoriasi

Et ole pelannut tätä visaa